Nevyhrievané tlakové nádoby. STN 69 0010. STN EN 13445-3/A17 : Časť 3: Navrhovanie. Zmena A17. Marec 2008

Saved in:
Bibliographic Details
Format: Book
Language:Slovak
Published: Bratislava : Slovenský ústav technickej normalizácie, 2008
Subjects:
Tags: Add Tag
No Tags, Be the first to tag this record!

MARC

LEADER 00000nam a22000003a 4500
001 stu176222
005 20150408160825.4
008 081125s2008----xo------------------slo-d
040 |a STU  |b slo 
041 0 |a slo 
044 |a xo 
245 |a Nevyhrievané tlakové nádoby. STN 69 0010. STN EN 13445-3/A17 :  |b Časť 3: Navrhovanie. Zmena A17. Marec 2008 
260 |a Bratislava :  |b Slovenský ústav technickej normalizácie,  |c 2008 
300 |a 12 s 
650 7 |a tlakové nádoby  |2 stusub 
996 |b 284M069375  |c M*N-1302/Z17  |l MMKN  |s A  |a 24  |w stu176222_0001